000 01037nam a2200325 c 4500
999 _c408706
_d408706
003 BLK
005 20210415145458.0
008 180408b bul|||||r ||||||| ||bul||
040 _aBLK
041 _aENG
_cENG
080 _aФизическа география и природа
_b502:911.2
_z502:911.2
100 _aGeikie, Archibald
_eпърви автор
_9448685
139 _aGeikie, Archibald
245 1 0 _aPhysical geography
_cArchibald Geikie
250 _aNew and thoroughly rev. ed.
257 _aGBR
260 _bMacmillan
_c1885
_9209719
_aLondon
300 _a143 p.
_bill.
_c15 cm
380 _a5
490 _9448680
_aScience primers
490 _9435080
_aКолекция Редки и ценни издания
650 0 _aФизическа география
_9283035
852 _aРа 885
_bРц
856 4 _qpdf
856 4 _qpdf
942 _cKNG
_n0
_s1
944 _aCR
_c2021-04-15
_kNR